INTERNATIONAL public relations perspectives from deeply divided societies
Gespeichert in:
| Format: | Buch |
|---|---|
| Sprache: | Englisch |
| Veröffentlicht: |
Routledge
2021
|
| Tags: |
Tag hinzufügen
Keine Tags, Fügen Sie den ersten Tag hinzu!
|
MARC
| LEADER | 00000nam a22000007a 4500 | ||
|---|---|---|---|
| 008 | 240619b |||||||| |||| 00| 0 eng d | ||
| 020 | |a 9780367340681 | ||
| 245 | |a INTERNATIONAL public relations |b perspectives from deeply divided societies |c /edited by Jan Somerville...(et al.) |g xxi,259p;ill | ||
| 260 | |b Routledge |c 2021 |h New York |i 702355 |i 702356 |l JF1525.In8 |m Public relations and politics-Cross-cultural studies |m Public relations -Cross-cultural studies | ||
| 500 | |a it includes references and index | ||
| 942 | |a lcc |c BK |e Johnson |f 19/06/24 | ||
| 952 | |0 0 |1 0 |2 lcc |4 0 |6 JF1525 I N8 |7 0 |9 5317 |a SSL |b HOL |c GJ |d 2024-06-19 |l 0 |o JF1525.In8 |p 2024-0559 |r 2024-06-19 00:00:00 |t 702355 |w 2024-06-19 |y BK | ||
| 952 | |0 0 |1 0 |2 lcc |4 0 |6 JF1525 I N8 |7 0 |9 5318 |a SSL |b HOL |c GJ |d 2024-06-19 |l 0 |o JF1525.In8 |p 2024-0560 |r 2024-06-19 00:00:00 |t 702356 |w 2024-06-19 |y BK | ||
| 999 | |c 2635 |d 2635 | ||